Developing a healthcare research proposal : (رقم التسجيلة. 22083)

تفاصيل مارك
000 -الفاتح
حقل البيانات ثابتة الطول 01970cam a22004094a 4500
001 - رقم الضبط
رقم الضبط 15881349
003 - محدد رقم الضبط
رقم الضبط OSt
005 - وقت وتاريخ اخر تعامل مع التسجيلة
رقم الضبط 20150408114021.0
008 - عناصر البيانات ثابتة الطول - معلومات عامة
حقل البيانات ثابتة الطول 090824s2010 enka b 001 0 eng
010 ## - رقم ضبط مكتبة الكونجرس
رقم ضبط مكتبة الكونجرس 2009035249
015 ## - رقم الببليوجرافية الوطنية
رقم الببليوجرافية الوطنية GBB000788
المصدر bnb
016 7# - رقم ضبط الوكاله الوطنية للضبط الببليوجرافي
رقم ضبط التسجيلة 101513771
المصدر DNLM
016 7# - رقم ضبط الوكاله الوطنية للضبط الببليوجرافي
رقم ضبط التسجيلة 015453403
المصدر Uk
020 ## - الرقم الدولى المعيارى للكتب
الرقم الدولى المعيارى للكتاب 9781405183376 (pbk. : alk. paper)
020 ## - الرقم الدولى المعيارى للكتب
الرقم الدولى المعيارى للكتاب 1405183373 (pbk. : alk. paper)
035 ## - رقم ضبط النظام
رقم ضبط النظام (OCoLC)ocn434319262
040 ## - مصدر الفهرسة
وكالة الفهرسة الأصلية DNLM/DLC
وكالة النسخ DLC
وكالة التعديل YDX
-- NLM
-- YDXCP
-- UKM
-- BTCTA
-- CDX
-- BWK
-- DLC
042 ## - رمز التحقق
رمز التحقق pcc
050 00 - رقم طلب مكتبة الكونجرس
رقم التصنيف R852
رقم المادة .O34 2010
060 00 - رقم الطلب بالمكتبة الطبية الوطنية
رقم التصنيف 2010 F-339
060 10 - رقم الطلب بالمكتبة الطبية الوطنية
رقم التصنيف WA 20.5
رقم المادة O32d 2010
082 00 - رقم تصنيف ديوى العشرى
رقم التصنيف 610.72
رقم الطبعة 22
100 1# - المدخل الرئيسى - إسم شخصى
الإسم الشخصى Offredy, Maxine.
9 (RLIN) 12827
245 10 - بيان العنوان
العنوان Developing a healthcare research proposal :
بقية العنوان an interactive student guide /
بيان المسئوليه,etc Maxine Offredy, Peter Vickers.
260 ## - PUBLICATION, DISTRIBUTION, ETC. (IMPRINT)
مكان الناشر او الموزع Chichester, West Sussex, U.K. ;
-- Ames, Iowa :
اسم الناشر او الموزع Wiley-Blackwell,
تاريخ النشر أو التوزيع 2010.
300 ## - الوصف المادى
التعداد xxx, 262 p. :
تفاصيل ماديه اخرى للوعاء ill. ;
أبعاد الوعاء 25 cm.
504 ## - تبصرة ببليوجرافية
تبصرة ببليوجرافية,الخ Includes bibliographical references and index.
505 0# - تبصرة محتويات-الفهرس
تبصرة المحتويات المصاغة Research and allied concepts -- Philosophical assumptions -- The research proposal : developing the research question -- The research proposal : searching and reviewing the literature -- The research proposal : research design -- The research proposal : ethics in research -- The research proposal : selecting participants -- The research proposal : collecting data -- The research proposal : analysing data -- The research proposal : communicating research findings -- The research proposal : current research issues in healthcare.
650 #0 - المدخل الاضافى بالموضوع-مصطلح موضوعى
مصطلح موضوعي أو اسم جغرافي كعنصر مدخل Medicine
التقسيم الفرعي العام Research
-- Methodology.
9 (RLIN) 11285
650 #0 - المدخل الاضافى بالموضوع-مصطلح موضوعى
مصطلح موضوعي أو اسم جغرافي كعنصر مدخل Allied health personnel.
650 12 - المدخل الاضافى بالموضوع-مصطلح موضوعى
مصطلح موضوعي أو اسم جغرافي كعنصر مدخل Research
التقسيم الفرعي العام methods.
650 22 - المدخل الاضافى بالموضوع-مصطلح موضوعى
مصطلح موضوعي أو اسم جغرافي كعنصر مدخل Data Collection
التقسيم الفرعي العام methods.
9 (RLIN) 12828
650 22 - المدخل الاضافى بالموضوع-مصطلح موضوعى
مصطلح موضوعي أو اسم جغرافي كعنصر مدخل Research Design.
9 (RLIN) 11610
700 1# - المدخل الاضافى - اسم شخصى
الإسم الشخصى Vickers, Peter.
9 (RLIN) 12829
942 ## - عناصر المدخل الإضافي( كوها)
مصدر التصنيف او مخطط الترفيف Dewey Decimal Classification
Koha [default] item type كتاب
المقتنيات
حالة الفقد نموذج السعر الفعال حالة تلف ليس للاعارة رقم الطلب تاريخ الاكتساب الموقع الحالي الباركود الفرع الرئيسي Date last seen نوع المادة فى نظام كوها مصدر التصنيف او خطة الترفيف Total Checkouts
  2013-03-10     610.72 O M D 2012-05-08 المكتبة المركزية بالمجمعة (CL) 00086211 المكتبة المركزية بالمجمعة (CL) 2013-03-10 كتاب Dewey Decimal Classification  
  2013-03-10     610.72 O M D 2012-05-08 المكتبة المركزية بالمجمعة (CL) 00086212 المكتبة المركزية بالمجمعة (CL) 2013-03-10 كتاب Dewey Decimal Classification  
  2013-03-10     610.72 O M D 2012-05-16 مكتبة كلية العلوم الطبية التطبيقية بالمجمعة - طالبات (AMF) 00087421 مكتبة كلية العلوم الطبية التطبيقية بالمجمعة - طالبات (AMF) 2013-03-10 كتاب Dewey Decimal Classification  
  2013-03-10     610.72 O M D 2012-05-16 مكتبة كلية العلوم الطبية التطبيقية بالمجمعة - طالبات (AMF) 00087422 مكتبة كلية العلوم الطبية التطبيقية بالمجمعة - طالبات (AMF) 2013-03-10 كتاب Dewey Decimal Classification